Costa Rican Football Logo Quiz - Statistics

General Stats
  • This quiz has been taken 10 times
  • The average score is 7 of 12
Answer Stats
Picture Answer % Correct
Santos
100%
Herediano
89%
Santa Ana F.C.
89%
Saprissa
89%
Municipal Liberia
67%
Puntarenas
56%
AD Guanacasteca
44%
Alajuelense
44%
Cartagines
44%
Perez Zeledon
44%
San Carlos
44%
Sporting San Jose
33%
No matching quizzes found
Score Distribution
Percent of People with Each Score
Percentile by Number Answered
Your Score History
You have not taken this quiz